000 00612nam a2200217Ia 4500
003 OSt
005 20230503154813.0
008 210423s2015 xx 000 0 und d
020 _a978-0-415-66355-7
040 _cAL
041 _aeng
082 _a658.4063
_223
_bGOOC
100 _aGOODMAN (Malcolm);DINGLI (Sandra)
_997322
245 _aCreativity and strategic innovation management
260 _aNew York
_bRoutledge
_c2015
300 _axiv283
_bPB
365 _b1295
_cINR
650 _aExecutive Management
_997323
906 _aCreativity ; innovation ; management ; strategic
942 _2ddc
_cBK
999 _c171018
_d171018